| 000 | 00698cam a2200229 a 4500 | ||
|---|---|---|---|
| 001 | 000010226 | ||
| 005 | 20200929161914.0 | ||
| 008 | 860508s1982 cr a 000 0 spa | ||
| 035 | _a(DLC) 83169324 | ||
| 040 |
_aDO-SdBNP _cDLC _dDLC _dBNPHU |
||
| 082 |
_aCa862.44 _bG166e |
||
| 100 | 1 |
_aGallegos, Daniel. _925228 |
|
| 245 | 1 | 0 |
_aEn el séptimo círculo / _cDaniel Gallegos. |
| 260 |
_aSan José, Costa Rica : _bCosta Rica, _c1982. |
||
| 300 |
_a234 : _bil. ; _c14 cm. |
||
| 490 | 1 |
_aLibros de teatro _v2 |
|
| 650 | 4 |
_aTeatro costarricense _925229 |
|
| 650 | 4 |
_aLiteratura costarricense _93332 |
|
| 830 | 0 |
_aLibros de teatro ; _v2 _925230 |
|
| 910 | _aCatalogación por copia / LC | ||
| 049 | _aBNGR | ||
| 999 |
_c9985 _d9985 |
||